| 000 | 00450nam a22001577a 4500 | ||
|---|---|---|---|
| 020 | _a0419-224106 | ||
| 082 |
_a711.4 _bPUN _cL-19, P-168 |
||
| 100 |
_aPuter, John _945225 |
||
| 245 |
_aThe design dimension of planning/ _cPuter, John |
||
| 250 | _a1st volume | ||
| 260 |
_aLondon, _bJohn punter and matthew carnona _c1997. |
||
| 300 |
_a399p.: _bill,; _c25 cm. |
||
| 526 |
_a0 _b0 _c0 _d711_400000000000000_PUN |
||
| 650 |
_aMCE _9379 |
||
| 942 |
_2ddc _cBK |
||
| 999 |
_c548799 _d548799 |
||